| 000 | 00551 a2200205 4500 | ||
|---|---|---|---|
| 003 | OSt | ||
| 005 | 20180116182854.0 | ||
| 008 | 161125b xxu||||| |||| 00| 0 eng d | ||
| 020 | _a9695190618 | ||
| 040 | _c0 | ||
| 082 | _a291.24 NAS 2004 | ||
| 100 | _aNasr,Seyyed Hossein | ||
| 245 |
_aReligion and the Order of Nature _cSeyyed Hossein Nasr |
||
| 250 | _a1st | ||
| 260 |
_aLahore _bSuhail Academy _c2004 |
||
| 300 |
_a310p _bHB. |
||
| 440 | _aReligion and the Order of Nature | ||
| 500 | _aHard cover | ||
| 942 |
_aNBS _cBK _k291.24 NAS 2004 _2ddc |
||
| 999 |
_c347622 _d347622 |
||